000 00744nam a2200193Ii 4500
003 JO-AjNU
008 230605s9999||||xx |||||||||||||| ||und||
040 _aJO-AjNU
_bara
_erda
_cJO-AjNU
041 _aara
050 1 4 _aDS39.H58 2016
100 3 _aالهيتي، نوزاد عبدالرحمن,
_eauthor
_960268
245 0 0 _aالعالم العربي في الالفية الجديدة : قضايا وآفاق
264 3 1 _aعمان: دار المناهج للنشر والتوزيع، 2016
300 _a212ص
_b ويحتوي على قائمة مراجع من ص199ص- 212ص
336 _atext
_btxt
_2rdacontent
337 _aunmediated
_bn
_2rdamedia
338 _avolume
_bnc
_2rdacarrier
650 4 _aالعالم العربي
_960269
999 _aA27167
_c30735
_d30735